| 000 | 00601nam a2200205 a 4500 | ||
|---|---|---|---|
| 001 | 906 | ||
| 003 | CDMR | ||
| 005 | 20131125130342.0 | ||
| 008 | 130130s1974||||||||||||||||||||||||||||d | ||
| 020 | _a8470540289 | ||
| 040 |
_aCDMR _bcat _cCDMR |
||
| 100 | 1 |
_aSánchez Ferriz, Remedios _9706 |
|
| 245 | 1 | 3 |
_aEl derecho a la información _cRemedios Sánchez Ferriz |
| 260 |
_aValencia _c1974 _bCosmos |
||
| 300 | _a143 p. | ||
| 490 | 0 |
_aCátedra Fadrique Furio Ceriol _v4 |
|
| 650 | 0 | 4 |
_91574 _aLlibertat d'informació |
| 650 | 0 | 4 |
_93370 _aMitjans de comunicació de massa _xDret i legislació |
| 942 |
_cMON _2udc |
||
| 999 |
_c906 _d906 |
||